000 02656cam a2200325 i 4500
003 SA-RiAUC
005 20250916122225.0
008 250913s2003 ts g 000 0 ara c
024 0 _a00000000973944
040 _aSA-JeALM
_bara
_cSA-RiAUC
_dAE-DuMBRL
_erda
050 4 _b.I26 2003
082 0 4 _a232
_qSA-RiAUC
090 _a232
_bا ب ن م
100 1 _aابن محمد، طارق بن عوض الله،
_d1963-
_eمؤلف.
245 1 0 _aطليعة فقه الإسناد وكشف حقيقة المعترض على الأئمة النقاد /
_cأبو معاذ طارق بن عوض الله بن محمد.
250 _aالطبعة الأولى، مزيدة منقحة.
264 1 _aأبو ظبي :
_bدار المحجة،
_c2005
300 _a464 صفحة ؛
_c24 سم
336 _aنص
_btxt
_2rdacontent
_3كتاب
337 _aبدون وسيط
_bn
_2rdamedia
338 _aمجلد
_bnc
_2rdacarrier
520 _aيتناول كتاب (طليعة فقه الإسناد وكشف حقيقة المعترض على الأئمة النقاد) والذي قام بتأليفه أبي معاذ طارق بن عوض الله بن محمد، موضوع (فقه الإسناد) هذا الكتاب هو توطئة لنقد كتاب التعريف بأوهام قسم السنن إلى صحيح وضعيف، يلقى بها المؤلف الضوء على ما احتواه هذا الكتاب من تخليط صاحبه، فى أصول الحديث وفروعه وما صاحب ذلك من تدليس وتلبيس وتلاعب وتناقص وتهاتر، لم يجد له نظير، أو لا شبيها عند غير المعترض من أهل البدع والأهواء على كثرتهم فى كل زمان ومكان، وهذا الكتاب يكشف حقيقة هذا المعرض وتفضح ألاعيبه وأساليبه، فى تثبيت باطله وشذوذه ومبينه تقيض ذلك من فقه الشيخ الألبانى بهذا العلم الشريف، ودقائق الأسانيد والروايات، ومجليه لفقه علماء الحديث ونقاده فى نقد الأسانيد والكلام عليها.
650 7 _aالحديث
_xإسناد
_2aucsh
650 7 _aالحديث
_xرواية
_2aucsh
650 7 _aالحديث
_xدفع مطاعن
_2aucsh
700 1 2 _iمع (عمل) :
_aابن محمد، طارق بن عوض الله،
_d1963-.
_tردع الجاني المتعدي على الألباني
942 _2ddc
_cBOOK
_n0
949 _aSA-JeALM
_d250913
_umohamedma123
_n1
999 _c11811
_d11811